<?xml version="1.0" encoding="UTF-8"?>
<record
    xmlns:xsi="http://www.w3.org/2001/XMLSchema-instance"
    xsi:schemaLocation="http://www.loc.gov/MARC21/slim http://www.loc.gov/standards/marcxml/schema/MARC21slim.xsd"
    xmlns="http://www.loc.gov/MARC21/slim">

  <leader>02982cam a2200289 i 4500</leader>
  <controlfield tag="001">18276839</controlfield>
  <controlfield tag="005">20230717113315.0</controlfield>
  <controlfield tag="008">140822s2015    enk      b    001 0 eng  </controlfield>
  <datafield tag="010" ind1=" " ind2=" ">
    <subfield code="a">  2014020183</subfield>
  </datafield>
  <datafield tag="020" ind1=" " ind2=" ">
    <subfield code="a">9780415837279 </subfield>
  </datafield>
  <datafield tag="040" ind1=" " ind2=" ">
    <subfield code="a">DLC</subfield>
    <subfield code="b">eng</subfield>
    <subfield code="c">DLC</subfield>
    <subfield code="e">rda</subfield>
    <subfield code="d">DLC</subfield>
  </datafield>
  <datafield tag="042" ind1=" " ind2=" ">
    <subfield code="a">pcc</subfield>
  </datafield>
  <datafield tag="050" ind1="0" ind2="0">
    <subfield code="a">G 155.A1 .E927 2015</subfield>
  </datafield>
  <datafield tag="082" ind1="0" ind2="0">
    <subfield code="a">910.68/4</subfield>
    <subfield code="2">23</subfield>
  </datafield>
  <datafield tag="100" ind1="1" ind2=" ">
    <subfield code="a">Evans, Nigel,</subfield>
    <subfield code="d">1955-</subfield>
  </datafield>
  <datafield tag="245" ind1="1" ind2="0">
    <subfield code="a">Strategic management for tourism, hospitality and events /</subfield>
    <subfield code="c">Nigel Evans.</subfield>
  </datafield>
  <datafield tag="250" ind1=" " ind2=" ">
    <subfield code="a">Second edition.</subfield>
  </datafield>
  <datafield tag="300" ind1=" " ind2=" ">
    <subfield code="a">xx, 708 pages ;</subfield>
    <subfield code="c">25 cm</subfield>
  </datafield>
  <datafield tag="504" ind1=" " ind2=" ">
    <subfield code="a">Includes bibliographical references and indexes.</subfield>
  </datafield>
  <datafield tag="505" ind1="0" ind2=" ">
    <subfield code="a">Part 1. Strategy and the tourism, hospitality and events' contexts. Introduction -- Strategy and strategic objectives for tourism, hospitality and event organisations -- Introduction to strategy for travel, tourism and hospitality -- Part 2. Analysing the internal environment. Introduction -- Tourism, hospitality and event organisations : the operational context: competencies, resources and competitive advantage -- Tourism, hospitality and event organisations : the human resources context -- Tourism, hospitality and event organisations : the financial context -- Tourism, hospitality and event organisations : the products and markets context -- Part 3. Analysing the external environment. Introduction -- The external environment for travel, tourism and hospitality organisations : the macro context -- The external environment for travel, tourism and hospitality organisations : the micro context -- SWOT analysis -- Part 4. Strategic Selection. Introduction -- Competitive strategy and strategic direction for tourism hospitality and event organisations -- Strategic methods of development for travel, tourism and hospitality -- Strategic evaluation and selection -- Part 5. Strategic implementation and strategy in theory and practice. Introduction -- Strategic implementation for tourism, hospitality and events -- International and global strategies for tourism, hospitality and events -- Strategy and the tourism, hospitality and events, theory and practice -- Part 5. Case analysis for tourism, hospitality and events: Case analysis. Case 1. Strategic alliances in the airline industry -- Case 2. Tourism Queensland: strategic positioning and promotion -- Case 3. Ryanair: evolution of competitive strategy -- Case 4. Hyatt hotels: a family firm goes for growth -- Case 5. Days Inn: franchising hospitality assets in China -- Case 6. Reed Exhibitions, the world's leading events organizer -- Case 7. Thomas Cook: turnaround for an historic travel brand.</subfield>
  </datafield>
  <datafield tag="650" ind1=" " ind2="0">
    <subfield code="a">Tourism</subfield>
    <subfield code="x">Management.</subfield>
  </datafield>
  <datafield tag="650" ind1=" " ind2="0">
    <subfield code="a">Hospitality industry</subfield>
    <subfield code="x">Management.</subfield>
  </datafield>
  <datafield tag="650" ind1=" " ind2="0">
    <subfield code="a">Strategic planning.</subfield>
  </datafield>
  <datafield tag="906" ind1=" " ind2=" ">
    <subfield code="a">7</subfield>
    <subfield code="b">cbc</subfield>
    <subfield code="c">orignew</subfield>
    <subfield code="d">1</subfield>
    <subfield code="e">ecip</subfield>
    <subfield code="f">20</subfield>
    <subfield code="g">y-gencatlg</subfield>
  </datafield>
  <datafield tag="942" ind1=" " ind2=" ">
    <subfield code="2">lcc</subfield>
    <subfield code="c">BOOKS</subfield>
    <subfield code="h">G 155.A1 .E927 2015</subfield>
  </datafield>
  <datafield tag="999" ind1=" " ind2=" ">
    <subfield code="c">31685</subfield>
    <subfield code="d">31685</subfield>
  </datafield>
  <datafield tag="952" ind1=" " ind2=" ">
    <subfield code="0">0</subfield>
    <subfield code="1">0</subfield>
    <subfield code="2">lcc</subfield>
    <subfield code="4">0</subfield>
    <subfield code="7">0</subfield>
    <subfield code="a">MUC</subfield>
    <subfield code="b">MUC</subfield>
    <subfield code="c">GEN</subfield>
    <subfield code="d">2023-07-17</subfield>
    <subfield code="e">Donation (falcon books)</subfield>
    <subfield code="l">0</subfield>
    <subfield code="o">G 155.A1 .E927 2015</subfield>
    <subfield code="p">39463</subfield>
    <subfield code="r">2023-07-03</subfield>
    <subfield code="w">2023-07-17</subfield>
    <subfield code="y">BOOKS</subfield>
  </datafield>
</record>
